000 00702cam a2200241 4500
008 000000n2001 000 0 eng u
020 _a1860814735
035 _a(Sirsi) u112769
041 _aeng
050 _a333.72
100 _aCrowhurst, David
110 _aBuilding Research Establishment
245 _aLocal authorities' performance on sustainable construction.
260 _aLondon
_bCRC Ltd
_c2001
300 _a8p. ; 30cm.
490 _aBRE Information Paper
_v7/01
650 _aLOCAL AUTHORITY SUSTAINABLE CONSTRUCTION NETWORK
650 _aLASCN
690 _aBUILDING AND CONSTRUCTION-SUSTAINABLE
700 _aRao, Susheel
700 _aMcAllister, Isabel
942 _n0
999 _c101469
_d101469